[Event "21. Open Internacional de Sants"]
[Site "Barcelona ESP"]
[Date "2009.08.28"]
[Round "8.12"]
[White "Lanzani, Mario"]
[Black "Reinaldo Castineira, Roi"]
[Result "1/2-1/2"]
[WhiteElo "2361"]
[BlackElo "2503"]
[PlyCount "114"]
[EventDate "2009.08.21"]
[EventType "swiss"]
[EventRounds "10"]
[EventCountry "ESP"]
[Source "lmi"]
[SourceDate "2009.08.21"]

1. e4 e5 2. Nf3 d6 3. d4 exd4 4. Qxd4 a6 5. Bf4 Nf6 6. Nc3 Be7 7. O-O-O O-O 8.
e5 dxe5 9. Qxe5 Bd6 10. Qg5 h6 11. Qh4 Ne4 12. Bxd6 Nxc3 13. bxc3 cxd6 14. Qxd8
Rxd8 15. Bc4 Nc6 16. Rhe1 Bg4 17. Bd5 Rac8 18. h3 Bxf3 19. Bxf3 Kf8 20. Bxc6
Rxc6 21. Rd3 Rdc8 22. Kd2 b5 23. Re4 Rc4 24. Rxc4 Rxc4 25. Rxd6 Ra4 26. Rb6 g6
27. g3 Rxa2 28. h4 h5 29. Kd3 Ke7 30. Kd2 Ra1 31. Ke2 Rc1 32. Kd2 Rf1 33. Ke2
Ra1 34. Kd2 Ra4 35. Kd3 Kf8 36. Kd2 Ke8 37. Kd3 Ke7 38. Kd2 f6 39. Kd3 Kf7 40.
Ke3 Ke7 41. Kd3 Kf7 42. Ke3 Kg7 43. Rb7+ Kh6 44. Rb6 Kg7 45. Rb7+ Kh6 46. Rb6
f5 47. Rc6 Kg7 48. Rc7+ Kf6 49. Rc6+ Kf7 50. Rc7+ Ke6 51. Rc6+ Kf7 52. Rc7+ Kf6
53. Rc6+ Kg7 54. Rc7+ Kf6 55. Rc6+ Kf7 56. Rc7+ Kf6 57. Rc6+ Ke5 1/2-1/2

[Event "21. Open Internacional de Sants"]
[Site "Barcelona ESP"]
[Date "2009.08.28"]
[Round "8.13"]
[White "Alonso Rosell, Alvar"]
[Black "Peek, Marcel"]
[Result "1-0"]
[WhiteElo "2461"]
[BlackElo "2348"]
[PlyCount "65"]
[EventDate "2009.08.21"]
[EventType "swiss"]
[EventRounds "10"]
[EventCountry "ESP"]
[Source "lmi"]
[SourceDate "2009.08.21"]

1. d4 d5 2. c4 Nc6 3. Nc3 dxc4 4. d5 Ne5 5. f4 Nd7 6. e4 Nb6 7. a4 a5 8. Be3 e6
9. Bxb6 cxb6 10. Bxc4 Bb4 11. Bb5+ Kf8 12. d6 Qxd6 13. Qf3 e5 14. Nge2 Nf6 15.
f5 Bd7 16. Rd1 Qc7 17. Bxd7 Nxd7 18. O-O Nf6 19. Nd5 Nxd5 20. Rxd5 Kg8 21. Kh1
Re8 22. Rc1 Qe7 23. Qd3 h5 24. Rd7 Qf6 25. Rcc7 Rf8 26. Ng1 Rh6 27. Nf3 g6 28.
Rd5 Re8 29. Qb5 Re7 30. Rxe7 Bxe7 31. Qe8+ Kg7 32. Rd7 Bd6 33. Ng5 1-0

[Event "21. Open Internacional de Sants"]
[Site "Barcelona ESP"]
[Date "2009.08.28"]
[Round "8.17"]
[White "Cruz, Filemon"]
[Black "Sabria Batlle, Pol"]
[Result "1/2-1/2"]
[WhiteElo "2415"]
[BlackElo "2221"]
[PlyCount "43"]
[EventDate "2009.08.21"]
[EventType "swiss"]
[EventRounds "10"]
[EventCountry "ESP"]
[Source "lmi"]
[SourceDate "2009.08.21"]

1. d4 Nf6 2. Nf3 d5 3. c4 e6 4. Nc3 Bb4 5. e3 O-O 6. Bd3 c5 7. O-O Nc6 8. a3
Bxc3 9. bxc3 dxc4 10. Bxc4 Qc7 11. Ba2 e5 12. h3 e4 13. Nd2 Bf5 14. a4 cxd4 15.
cxd4 Nb4 16. Ba3 Nxa2 17. Rxa2 Rfc8 18. Rb2 b6 19. a5 Qc3 20. axb6 axb6 21. Nb1
Qc6 22. Qb3 1/2-1/2

[Event "21. Open Internacional de Sants"]
[Site "Barcelona ESP"]
[Date "2009.08.28"]
[Round "8.18"]
[White "Lillo Castay, Victor"]
[Black "Matnadze, Ana"]
[Result "0-1"]
[WhiteElo "2314"]
[BlackElo "2413"]
[PlyCount "66"]
[EventDate "2009.08.21"]
[EventType "swiss"]
[EventRounds "10"]
[EventCountry "ESP"]
[Source "lmi"]
[SourceDate "2009.08.21"]

1. e4 c5 2. Nf3 d6 3. d4 cxd4 4. Nxd4 Nf6 5. Nc3 Nc6 6. Bc4 g6 7. Nxc6 bxc6 8.
e5 d5 9. exf6 dxc4 10. Qe2 Be6 11. fxe7 Bxe7 12. Bh6 Qb6 13. Rd1 Rg8 14. Bf4 g5
15. Be5 Rg6 16. O-O Kf8 17. Rd2 Kg8 18. Rfd1 Re8 19. Qf3 g4 20. Qg3 h5 21. Bd4
c5 22. Be3 Qxb2 23. Ne4 c3 24. Qe5 Qb4 25. Rd3 h4 26. Bxc5 Qa5 27. Nd6 Rg5 28.
Qe3 Rb8 29. Nb7 Rxb7 30. Bxe7 Rxe7 31. Rd8+ Kg7 32. Qd4+ Qe5 33. Qb4 Bf5 0-1

[Event "21. Open Internacional de Sants"]
[Site "Barcelona ESP"]
[Date "2009.08.29"]
[Round "9.1"]
[White "Fier, Alexandr"]
[Black "Grigoriants, Sergey"]
[Result "1/2-1/2"]
[WhiteElo "2604"]
[BlackElo "2564"]
[PlyCount "42"]
[EventDate "2009.08.21"]
[EventType "swiss"]
[EventRounds "10"]
[EventCountry "ESP"]
[Source "lmi"]
[SourceDate "2009.08.21"]

1. d4 Nf6 2. c4 e6 3. Nf3 b6 4. g3 Ba6 5. Qc2 c6 6. Bg2 d5 7. Nbd2 Be7 8. O-O
O-O 9. b3 Nbd7 10. Rd1 Rc8 11. e4 Nxe4 12. Nxe4 dxe4 13. Qxe4 b5 14. Qc2 bxc4
15. bxc4 Nb6 16. Ne5 Qe8 17. Be4 f5 18. Bg2 c5 19. d5 Bf6 20. f4 Bxe5 21. fxe5
Bxc4 1/2-1/2

[Event "21. Open Internacional de Sants"]
[Site "Barcelona ESP"]
[Date "2009.08.29"]
[Round "9.3"]
[White "Ikonnikov, Vyacheslav"]
[Black "Almeida Quintana, Omar"]
[Result "1/2-1/2"]
[WhiteElo "2556"]
[BlackElo "2524"]
[PlyCount "110"]
[EventDate "2009.08.21"]
[EventType "swiss"]
[EventRounds "10"]
[EventCountry "ESP"]
[Source "lmi"]
[SourceDate "2009.08.21"]

1. d4 Nf6 2. Nf3 g6 3. c4 Bg7 4. Nc3 O-O 5. e4 d6 6. Be2 c5 7. O-O cxd4 8. Nxd4
Nc6 9. Be3 Bd7 10. Qd2 Nxd4 11. Bxd4 Bc6 12. f3 Nd7 13. Be3 a5 14. Kh1 Nc5 15.
b3 Qb6 16. Rab1 Rfc8 17. Rfc1 Qb4 18. Qb2 Qb6 19. Bf1 h5 20. Qf2 Qb4 21. Nd5
Bxd5 22. exd5 Bf6 23. Bd2 Qa3 24. Rc2 Na6 25. f4 Kg7 26. f5 Nc5 27. Qe3 Rh8 28.
Bc3 Rae8 29. fxg6 fxg6 30. Re1 Rhf8 31. Rf2 e5 32. dxe6 Rxe6 33. Qf4 Rxe1 34.
Bxe1 Nd7 35. Bd2 Ne5 36. Bc1 Qb4 37. h3 Qe1 38. Qh6+ Kg8 39. Qe3 Qxe3 40. Bxe3
Nc6 41. Bd3 Kg7 42. Kg1 a4 43. bxa4 Ne5 44. Bf1 Ra8 45. Bh6+ Kxh6 46. Rxf6 Rxa4
47. Rxd6 Nxc4 48. Re6 Nb2 49. Rb6 Rxa2 50. h4 Na4 51. Rxb7 Nc5 52. Re7 Ra4 53.
g3 Ne4 54. Kg2 Ra2+ 55. Kf3 Nd2+ 1/2-1/2

[Event "21. Open Internacional de Sants"]
[Site "Barcelona ESP"]
[Date "2009.08.29"]
[Round "9.4"]
[White "Lemos, Damian"]
[Black "Cuartas, Jaime Alexander"]
[Result "1/2-1/2"]
[WhiteElo "2547"]
[BlackElo "2521"]
[PlyCount "43"]
[EventDate "2009.08.21"]
[EventType "swiss"]
[EventRounds "10"]
[EventCountry "ESP"]
[Source "lmi"]
[SourceDate "2009.08.21"]

1. d4 d5 2. c4 c6 3. Nf3 Nf6 4. e3 Bg4 5. h3 Bxf3 6. Qxf3 e6 7. Bd3 Nbd7 8. Nc3
Bd6 9. cxd5 exd5 10. g4 g6 11. Bd2 Qe7 12. O-O-O O-O-O 13. Kb1 Rde8 14. Qg2 Ne4
15. Nxe4 dxe4 16. Bc2 Nb6 17. f3 f5 18. Rhf1 Kb8 19. fxe4 fxe4 20. Bb3 Nd5 21.
Bxd5 cxd5 22. Be1 1/2-1/2

[Event "21. Open Internacional de Sants"]
[Site "Barcelona ESP"]
[Date "2009.08.29"]
[Round "9.6"]
[White "Karlsson, Lars"]
[Black "Sowray, Peter J"]
[Result "1-0"]
[WhiteElo "2468"]
[BlackElo "2335"]
[PlyCount "93"]
[EventDate "2009.08.21"]
[EventType "swiss"]
[EventRounds "10"]
[EventCountry "ESP"]
[Source "lmi"]
[SourceDate "2009.08.21"]

1. c4 c5 2. g3 g6 3. Bg2 Bg7 4. Nc3 Nc6 5. e3 Bxc3 6. bxc3 d6 7. d3 Qd7 8. e4
b6 9. f4 Bb7 10. Nf3 e6 11. O-O Nge7 12. Rb1 O-O-O 13. Rb2 h6 14. Re2 Kb8 15.
Ne1 Qc7 16. Nc2 Rd7 17. Ne3 Qd8 18. f5 gxf5 19. exf5 d5 20. fxe6 fxe6 21. cxd5
Nxd5 22. Nxd5 exd5 23. Re6 h5 24. Qa4 Na5 25. Bg5 Qc8 26. Rff6 c4 27. d4 Rf7
28. Rxb6 axb6 29. Rxf7 Qe6 30. Re7 Qf5 31. Bf4+ Ka7 32. Qd1 h4 33. Re5 Qf7 34.
Qe1 Rg8 35. Qe3 Qg6 36. Rg5 Qb1+ 37. Qc1 Qh7 38. Rxg8 Qxg8 39. gxh4 Qg4 40. Bg5
Ka6 41. h3 Qh5 42. Kh2 Bc8 43. Qe3 Qg6 44. Qf3 Qc2 45. h5 Bf5 46. Qxd5 Bd3 47.
a4 1-0

[Event "21. Open Internacional de Sants"]
[Site "Barcelona ESP"]
[Date "2009.08.29"]
[Round "9.7"]
[White "Matnadze, Ana"]
[Black "Narciso Dublan, Marc"]
[Result "0-1"]
[WhiteElo "2413"]
[BlackElo "2553"]
[PlyCount "68"]
[EventDate "2009.08.21"]
[EventType "swiss"]
[EventRounds "10"]
[EventCountry "ESP"]
[Source "lmi"]
[SourceDate "2009.08.21"]

1. e4 c5 2. Nc3 e6 3. f4 Nc6 4. Nf3 d5 5. Bb5 Nge7 6. O-O a6 7. Bxc6+ Nxc6 8.
d3 Be7 9. Qe1 O-O 10. Qg3 f5 11. exd5 exd5 12. Bd2 d4 13. Ne2 Be6 14. Rae1 Bd5
15. c4 dxc3 16. Bxc3 Bf6 17. Qf2 Bxa2 18. Qxc5 Rc8 19. Bxf6 Rxf6 20. Nc3 Bf7
21. Rd1 Bh5 22. d4 Rd6 23. Qxf5 Bxf3 24. gxf3 Nxd4 25. Qe4 Qd7 26. Rfe1 Rd8 27.
f5 h6 28. Kh1 Nxf5 29. Qf4 Rf8 30. Rxd6 Nxd6 31. Qd4 Qh3 32. Qd5+ Kh8 33. Rd1
Rxf3 34. Ne2 Rf2 0-1

[Event "21. Open Internacional de Sants"]
[Site "Barcelona ESP"]
[Date "2009.08.29"]
[Round "9.8"]
[White "Caspi, Israel"]
[Black "Alonso Rosell, Alvar"]
[Result "0-1"]
[WhiteElo "2417"]
[BlackElo "2461"]
[PlyCount "76"]
[EventDate "2009.08.21"]
[EventType "swiss"]
[EventRounds "10"]
[EventCountry "ESP"]
[Source "lmi"]
[SourceDate "2009.08.21"]

1. e4 c6 2. Nc3 d5 3. Nf3 Bg4 4. h3 Bh5 5. exd5 cxd5 6. g4 Bg6 7. Bb5+ Nc6 8.
Ne5 Rc8 9. d4 e6 10. h4 f6 11. Nxg6 hxg6 12. Qd3 Kf7 13. h5 gxh5 14. gxh5 f5
15. Qg3 Bd6 16. Qg6+ Kf8 17. Qxe6 Nxd4 18. Qxd5 Nxc2+ 19. Kf1 Rc5 20. Qd3 Nxa1
21. Be3 Rc7 22. Bf4 Rh6 23. Bxh6 Nxh6 24. Rg1 Be7 25. Qb1 Qd4 26. Qxa1 Bc5 27.
Rg2 a6 28. Be2 Bb4 29. Rg3 Bc5 30. Qe1 Re7 31. Rd3 Qh4 32. Kg2 Re8 33. Qf1 f4
34. Rh3 Qg5+ 35. Kh1 Qf5 36. Bd3 Re1 37. Qxe1 Qxh3+ 38. Kg1 Qxd3 0-1

[Event "21. Open Internacional de Sants"]
[Site "Barcelona ESP"]
[Date "2009.08.29"]
[Round "9.10"]
[White "Milov, Leonid"]
[Black "Pitl, Gregory"]
[Result "1/2-1/2"]
[WhiteElo "2562"]
[BlackElo "2405"]
[PlyCount "132"]
[EventDate "2009.08.21"]
[EventType "swiss"]
[EventRounds "10"]
[EventCountry "ESP"]
[Source "lmi"]
[SourceDate "2009.08.21"]

1. e4 d5 2. exd5 Qxd5 3. Nf3 Bg4 4. Be2 Nc6 5. d4 O-O-O 6. c4 Qf5 7. Be3 Bxf3
8. Bxf3 Nxd4 9. Bxd4 Qe6+ 10. Be2 c5 11. Qc2 cxd4 12. O-O Nf6 13. c5 Qe4 14.
Bd3 Qc6 15. b4 e5 16. Nd2 Nd5 17. Qb3 Nf4 18. Be4 Qe6 19. Rfe1 Qxb3 20. axb3
Kb8 21. Nc4 f6 22. Na5 Nd5 23. Ra3 Nxb4 24. Nxb7 Rd7 25. Ra4 Rxb7 26. Bxb7 Nd3
27. Be4 Nxc5 28. Rb4+ Kc7 29. Rc1 Kd6 30. f3 f5 31. Bxf5 g6 32. Be4 Bh6 33. Ra1
Rf8 34. g3 Nxe4 35. fxe4 d3 36. Rb5 d2 37. Rd5+ Kc6 38. Rd3 Kb6 39. Rd1 a5 40.
Kg2 Kb5 41. Rf1 Rc8 42. Rf7 Rc2 43. Kh3 Rc1 44. Rxh7 d1=Q 45. Rxd1 Rxd1 46.
Rxh6 Kb4 47. Rxg6 Kxb3 48. Kg4 a4 49. Rb6+ Kc3 50. Ra6 Kb3 51. Kf5 a3 52. Rb6+
Kc3 53. Ra6 Kb2 54. h4 a2 55. h5 a1=Q 56. Rxa1 Rxa1 57. g4 Kc3 58. Kxe5 Ra5+
59. Kf4 Kd4 60. h6 Ra1 61. Kf5 Rf1+ 62. Kg6 Kxe4 63. g5 Kf4 64. h7 Rh1 65. Kg7
Rxh7+ 66. Kxh7 Kxg5 1/2-1/2

[Event "21. Open Internacional de Sants"]
[Site "Barcelona ESP"]
[Date "2009.08.29"]
[Round "9.11"]
[White "Gullaksen, Eirik"]
[Black "Solodovnichenko, Yuri"]
[Result "1-0"]
[WhiteElo "2396"]
[BlackElo "2596"]
[PlyCount "43"]
[EventDate "2009.08.21"]
[EventType "swiss"]
[EventRounds "10"]
[EventCountry "ESP"]
[Source "lmi"]
[SourceDate "2009.08.21"]

1. e4 c5 2. Nf3 d6 3. d4 Nf6 4. Nc3 cxd4 5. Nxd4 a6 6. Bc4 e6 7. O-O b5 8. Bb3
Be7 9. Qf3 Qb6 10. Bg5 O-O 11. Rad1 Nbd7 12. Qg3 Kh8 13. Rfe1 Nc5 14. Qh4 Bb7
15. Re3 Rac8 16. Nf5 exf5 17. Rh3 Ncd7 18. e5 dxe5 19. Rxd7 h6 20. Bxh6 Nh5 21.
Bxg7+ Kxg7 22. Qxh5 1-0

[Event "21. Open Internacional de Sants"]
[Site "Barcelona ESP"]
[Date "2009.08.29"]
[Round "9.12"]
[White "Bergez, Luc"]
[Black "Alsina Leal, Daniel"]
[Result "1/2-1/2"]
[WhiteElo "2371"]
[BlackElo "2529"]
[PlyCount "116"]
[EventDate "2009.08.21"]
[EventType "swiss"]
[EventRounds "10"]
[EventCountry "ESP"]
[Source "lmi"]
[SourceDate "2009.08.21"]

1. d4 d5 2. c4 c6 3. cxd5 cxd5 4. Nc3 Nf6 5. Nf3 Nc6 6. Bf4 Bf5 7. e3 e6 8. Bd3
Bxd3 9. Qxd3 Be7 10. O-O O-O 11. Qb5 Qd7 12. Ne5 Nxe5 13. Bxe5 a6 14. Qxd7 Nxd7
15. Bg3 Rfc8 16. Rfc1 Bb4 17. Nd1 Bd2 18. Rxc8+ Rxc8 19. Kf1 Rc2 20. a4 Nb6 21.
b3 Nc8 22. Bb8 Ne7 23. Bd6 Nc6 24. Rb1 Bb4 25. Bxb4 Nxb4 26. Rb2 Rc1 27. Ke2 g5
28. h3 a5 29. Kd2 Ra1 30. Ke2 Kf8 31. Nc3 Rc1 32. Nb5 Ke7 33. Na3 Rg1 34. Rb1
Rxb1 35. Nxb1 f6 36. Nc3 e5 37. Nb5 h5 38. dxe5 fxe5 39. g4 hxg4 40. hxg4 e4
41. f4 exf3+ 42. Kxf3 Nd3 43. e4 Ne5+ 44. Kg3 dxe4 45. Nc3 e3 46. Ne4 Nxg4 47.
Kf3 Nf6 48. Nxg5 Nd5 49. Ke4 Kd6 50. Kd4 e2 51. Nf3 Ne7 52. Ne1 Nf5+ 53. Ke4
Ne7 54. Kd3 Kc5 55. Nc2 Nc6 56. Kxe2 Nb4 57. Kd2 Nd5 58. Kc1 b6 1/2-1/2

[Event "21. Open Internacional de Sants"]
[Site "Barcelona ESP"]
[Date "????.??.??"]
[Round "9.17"]
[White "Sabria Batlle, Pol"]
[Black "Strunski, Andreas"]
[Result "0-1"]
[WhiteElo "2221"]
[BlackElo "2413"]
[PlyCount "66"]
[EventDate "2009.08.21"]
[EventType "swiss"]
[EventRounds "10"]
[EventCountry "ESP"]
[Source "lmi"]
[SourceDate "2009.08.21"]

1. d4 Nf6 2. c4 g6 3. Nc3 Bg7 4. e4 d6 5. f3 O-O 6. Nge2 c5 7. d5 e6 8. Bg5 h6
9. Be3 exd5 10. cxd5 a6 11. a4 Nbd7 12. Ng3 h5 13. Be2 h4 14. Nf1 Nh7 15. Nd2
f5 16. f4 fxe4 17. O-O Ndf6 18. Nc4 Rb8 19. a5 Bf5 20. g3 hxg3 21. hxg3 Bh3 22.
Rf2 Qd7 23. Rh2 Ng4 24. Bxg4 Bxg4 25. Qa4 Qe7 26. Rh4 Bf5 27. Nd1 g5 28. Rh5
Bg4 29. Rh2 Bf3 30. Nf2 Bd4 31. Qa3 gxf4 32. gxf4 Qg7+ 33. Kf1 Qg3 0-1